Vandick (Record no. 102981)
[ view plain ]
| 000 -LEADER | |
|---|---|
| campo de control de longitud fija | 01339nka a2200337 i 4500 |
| 001 - NÚMERO DE CONTROL | |
| campo de control | 102981 |
| 003 - IDENTIFICADOR DE NÚMERO DE CONTROL | |
| campo de control | ES-MaACL |
| 005 - FECHA Y HORA DE LA ÚLTIMA TRANSACCIÓN | |
| campo de control | 20250823044007.0 |
| 007 - CAMPO FIJO DE DESCRIPCIÓN FÍSICA--INFORMACIÓN GENERAL | |
| campo de control de longitud fija | t| |
| 008 - DATOS DE LONGITUD FIJA--INFORMACIÓN GENERAL | |
| campo de control de longitud fija | 051222q1860 sp f | |r||1c|spa d |
| 100 1# - ENTRADA PRINCIPAL--NOMBRE DE PERSONA | |
| Nombre de persona | Roselló y Prados, José María, |
| Fechas asociadas al nombre | 1835-1872 |
| Término indicativo de función/relación | Grabador |
| 9 (RLIN) | 99702 |
| 245 10 - MENCIÓN DEL TÍTULO | |
| Título | Vandick |
| Medio | [Material gráfico] / |
| Mención de responsabilidad, etc. | Vandick pinx ; Roselló sculp. |
| 246 1# - FORMA VARIANTE DEL TITULO | |
| Título propio/Titulo breve | Retrato de Antoon van Dyck |
| 260 ## - PUBLICACIÓN, DISTRIBUCIÓN, ETC. | |
| Lugar de publicación, distribución, etc. | [S.l. : |
| Nombre del editor, distribuidor, etc. | s.n., |
| Fecha de publicación, distribución, etc. | ca. 1860] |
| 300 ## - DESCRIPCIÓN FÍSICA | |
| Extensión | 1 estampa : |
| Otras características físicas | grabado calcográfico ; |
| Dimensiones | 336 x 240 mm |
| 490 1# - MENCIÓN DE SERIE | |
| Mención de serie | Colección facticia de grabados ; |
| Designación de volumen o secuencia | 30 |
| RLIN | 184692 |
| 500 ## - NOTA GENERAL | |
| Nota general | Inscripción: "Vandick" |
| 500 ## - NOTA GENERAL | |
| Nota general | Grabado que representa el autorretrato de Antoon van Dyck |
| 530 ## - NOTA DISPONIBLE DE FORMULARIO FÍSICO ADICIONAL | |
| Nota de formato físico adicional disponible | Disponible en formato digital |
| 600 14 - PUNTO DE ACCESO ADICIONAL DE MATERIA--NOMBRE DE PERSONA | |
| Nombre de persona | Dyck, Antoon van, |
| Fechas asociadas al nombre | 1599-1641 |
| 9 (RLIN) | 46405 |
| 655 #7 - TERMINO DE INDIZACIÓN--GENERO/FORMA | |
| Datos o término principal de género/forma | Grabados calcográficos |
| Fuente del término | tgfbne |
| 9 (RLIN) | 241761 |
| 655 #7 - TERMINO DE INDIZACIÓN--GENERO/FORMA | |
| Datos o término principal de género/forma | Grabados |
| Fuente del término | tgfbne |
| 9 (RLIN) | 226846 |
| 655 #4 - TERMINO DE INDIZACIÓN--GENERO/FORMA | |
| Datos o término principal de género/forma | Reproducciones de obras de arte |
| 9 (RLIN) | 241931 |
| 700 1# - ENTRADA AGREGADA--NOMBRE PERSONAL | |
| Nombre de persona | Dyck, Antoon van, |
| Fechas asociadas al nombre | 1599-1641 |
| Término indicativo de función/relación | Artista |
| 9 (RLIN) | 46405 |
| 830 #0 - PUNTO DE ACCESO ADICIONAL DE SERIE-TÍTULO UNIFORME | |
| Título uniforme | Colección facticia de grabados ; |
| Designación de volumen o secuencia | 30 |
| 9 (RLIN) | 184692 |
| 852 4# - LOCALIZACIÓN | |
| Ubicación | ES-MaACL |
| Ubicación en estantería | Depósito 2 |
| Número de control de estantería | GF-2(30) |
| 856 4# - LOCALIZACIÓN Y ACCESO ELECTRÓNICOS | |
| Identificador Uniforme de Recursos | <a href="https://ceres.mcu.es/pages/Viewer?accion=4&AMuseo=MBACO&Ninv=CE1700G">https://ceres.mcu.es/pages/Viewer?accion=4&AMuseo=MBACO&Ninv=CE1700G</a> |
| Texto de enlace | Versión en línea |
| Nota pública | (CER.es (Colecciones en Red)) |
| 942 ## - ELEMENTOS DE ENTRADA SECUNDARIOS (KOHA) | |
| Fuente del sistema de clasificación o colocación | Clasificación decimal universal |
| Tipo de ítem Koha | Grabado |
| Suprimir en OPAC | No |
| Estatus retirado | Estado de pérdida | Fuente del sistema de clasificación o colocación | Estado de daño | No para préstamo | Colección | Biblioteca de origen | Biblioteca actual | Ubicación en estantería | Fecha de adquisición | Total de préstamos | Signatura topográfica completa | Código de barras | Visto por última vez | Tipo de ítem Koha |
|---|---|---|---|---|---|---|---|---|---|---|---|---|---|---|
| Clasificación decimal universal | Colección digital | Biblioteca del Ateneo de Madrid | Biblioteca del Ateneo de Madrid | Depósito 2 | 17/01/2008 | GF-2(30) | 1107526 | 23/02/2023 | Grabado |
